| 000 | 00646nas a2200229 4500 | ||
|---|---|---|---|
| 001 | BR9603021 | ||
| 003 | BR-BrBNA | ||
| 005 | 20231205094744.0 | ||
| 007 | ta | ||
| 008 | 230509b bl.|||p| |||| 00| 00por d | ||
| 040 |
_aBR-BrBNA _bpor _cBiblioteca Nacional de Agricultura |
||
| 041 | _a(Pt) | ||
| 072 | _aL10 | ||
| 100 | 1 | _aGonzales, J.P. | |
| 245 | 1 | _aMomento da inseminacao das femeas zebus | |
| 650 | _aGado Zebu | ||
| 650 | _aFemea | ||
| 650 | _aInseminacao Artificial | ||
| 773 | 0 |
_tRevista dos Criadores (Brazil) _xISSN 0034-9254 _gv. 58(712) p. 22-24 _wBR9603021 |
|
| 909 |
_a202311 _bLúcia _c55 _dLúcia Elande |
||
| 942 |
_2AGRIS _n0 _cANA |
||
| 999 |
_c146627 _d146627 |
||